Arsenal 2023-24 Statistics - Statistics

General Stats
  • This quiz has been taken 21 times
  • The average score is 5 of 10
Answer Stats
Question Answer % Correct
Which player was PL top scorer for Arsenal in the 2023-24 Season? Bukayo Saka
100%
Which Team did Arsenal fail to beat (H & A) in the 23-24 season Aston Villa
80%
What was Arsenal's longest unbeaten run in the PL in the 2023-24 season? 11
60%
How many players played the full 38 games in the 23-24 season? 2
60%
Who was the top scorer in Arsenal's 23-24 FA Cup campaign? Eddie Nketiah
60%
Which player had the most PL Yellow Cards for Arsenal in the 2023-24 Season? Kai Havertz
60%
How many PL games did Arsenal win in the 23-24 season? 28
40%
Which player had the lowest number of PL appearances in 23-24 (exlcuding 0 Apps) Ethan Nwanieri
40%
How Many PL red cards did Arsenal accumulate over the 23-24 season? 2
20%
Which player had the most PL assists for Arsenal in the 2023-24 Season? Martin Odegaard
0%
No matching quizzes found
Score Distribution
Percent of People with Each Score
Percentile by Number Answered
Your Score History
You have not taken this quiz